| 000 | 00375nam a2200145Ia 4500 | ||
|---|---|---|---|
| 008 | 150201s2006 xx 000 0 und d | ||
| 082 |
_a612 _bT2006M |
||
| 100 | _aMARYA,R.K. | ||
| 245 | _aTEXT BOOK OF PHYSIOLOGY FOR DENTAL STUDENTS | ||
| 250 | _a2ND | ||
| 260 |
_bC.B.S PUBLISHERS & DISTRIBUTERS _aDELHI _c2006 |
||
| 300 | _a1-526 | ||
| 650 | _aPHYSIOLOGY | ||
| 942 |
_2ddc _cBK |
||
| 999 |
_c3502 _d3502 |
||